000 01169cab a22002415a 4500
001 L138086
008 070515e20070512xxkdo f s 000 0 eng d
035 _a(Sirsi) u138086
041 0 _aeng
100 1 _aCunningham, Daniel
245 0 0 _aFocus
_bNorth and West Yorkshire
260 _c2007
490 _aEstates Gazette
_v(719) 12 May 2007, 133-155(15)
520 _aReports on the commercial and industrial property market. Leeds has a number of retail developments underway and is expected to remain a key shopping destination. Its office market is stagnant, however. Agencies in Leeds' small market have difficulties recruiting and retaining staff, including surveyors. Bradford's regeneration programme is scrutinised. Redevelopment of the ex-Kraft factory site in York is encountering problems. Wakefield's office market is looking forward to some positive schemes. Amerdale's founder Mark Hancock is profiled.
590 _aKA
651 4 _aNORTH EAST
690 _aPROPERTY-COMMERCIAL PROPERTY-COMMERCIAL PROPERTY MARKET
700 1 _aElghamry, Nadia
700 1 _aThame, David
700 1 _aQuinn, David
700 1 _aGraham, James
942 _n0
999 _c78781
_d78781